Geometry Dash Trivia: Hard - Statistics

General Stats
  • This quiz has been taken 162 times
  • The average score is 9 of 15
Answer Stats
Hint Answer % Correct
Verifier of Grief Doggie
93%
A word for "When you fly continously through a 1-block gap of spikes" Straight Fly
90%
A tab in the search tab EVW always enters during his videos The {Recent} Tab
88%
Difficulty that gives you 1★ Auto
87%
Any level that gives you more than 10★, making them worth more than Thinking Space II. Clutterfunk / Theory of Everything / Clubstep / Electrodynamix / Hexagon Force / Theory of Everything 2 / +2 More
71%
Any gauntlet in the 3rd page Chaos Gauntlet / Demon Gauntlet / Time Gauntlet
66%
The rating that gives you 2 Creator P. if your level gets rated Feature
60%
The creator of the song "Geometrical Dominator" Waterflame
60%
First name of Geometry Dash Geometry Jump
50%
Hardest level using the "Dry Out" Song MINUSdry
45%
RobTop's game name (not full name) RubRub
43%
The only level in a Map Pack & a Gauntlet Kappaclysm
41%
Any creator with at least two Mythic Rated Levels Kira9999 / Bli / Arclia / 16lord / MoistenedEgg / Thejshadow
40%
A better version of a moderator in GD (Tip: Old) Elder Moderator / Leaderboard Moderator
37%
Event level by fJud & Vegtam EASTSIDE
22%
No matching quizzes found
Score Distribution
Percent of People with Each Score
Percentile by Number Answered
Your Score History
You have not taken this quiz